000
00287nam a2200109Ia 4500
008
220204s9999 xx 000 0 und d
082
_a
537.533
_b
KLE
100
_a
Klemperer, O
245
0
_a
Electron physics: The physics of the free electron
260
_a
London
_b
ELBS
_c
1972
942
_c
BK
999
_c
23512
_d
23512